Basics of semiotics
Αποθηκεύτηκε σε:
| Κύριος συγγραφέας: | |
|---|---|
| Μορφή: | Βιβλίο |
| Γλώσσα: | English |
| Δημοσίευση: |
Bloomington :
Indiana University Press,
1990
|
| Σειρά: | Advances in semiotics
|
| Θέματα: | |
| Ετικέτες: |
Προσθήκη ετικέτας
Δεν υπάρχουν, Καταχωρήστε ετικέτα πρώτοι!
|
MARC
| LEADER | 00000nam a2200000 i 4500 | ||
|---|---|---|---|
| 001 | 1/3885 | ||
| 008 | 960430s1990 eng d | ||
| 020 | |a 0-253-31676-6 | ||
| 035 | |l 10015379 | ||
| 040 | |a GR-MY-UA |b gre |e aacr | ||
| 041 | 0 | |a eng | |
| 082 | 0 | |a 401.41 | |
| 100 | 1 | |a Deely, John N. | |
| 245 | 1 | 0 | |a Basics of semiotics / |c John Deely |
| 260 | |a Bloomington : |b Indiana University Press, |c 1990 | ||
| 300 | |a 149 p. | ||
| 490 | 1 | |a Advances in semiotics | |
| 504 | |a Includes bibliography references and index | ||
| 650 | 0 | 0 | |a Semiotics. |
| 830 | 0 | |a Advances in semiotics | |
| 852 | |a INST |b LESVOS |e 19960430 |h 401.41 DEE |p 005100010449 |q 005100010449 |t BK |y 0 | ||
| 909 | |a Λ |b 045029 | ||